000
00344 a2200157 4500
001
154274
040
_c
Escola São Tomás de Aquino
100
_a
ROSA, João Guimarães
240
1
0
_a
Sagarana
_l
por
245
1
0
_a
Sagarana
300
_a
413
362
0
_a
2001
440
1
_a
Nova Fronteira
697
_a
LITERATURA BRASILEIRA
942
_c
BK
999
_c
154274
_d
154274